Budúcnosť Európskej únie

Európa je krajina menšín. Slovenčina v Babylone jazykov. Dodatočné náklady pre deväť nových jazykov. Nie sú malí a veľkí - pohľad na pripravovanú európsku ústavu.

Saved in:
Bibliographic Details
Format: Book Chapter
Language:Slovak
Subjects:
Tags: Add Tag
No Tags, Be the first to tag this record!

MARC

LEADER 00000naa a2200000 4500
001 r047391
005 20230908084049.1
041 0 |a slo 
044 |a SK 
245 1 0 |a Budúcnosť Európskej únie 
520 |a Európa je krajina menšín. Slovenčina v Babylone jazykov. Dodatočné náklady pre deväť nových jazykov. Nie sú malí a veľkí - pohľad na pripravovanú európsku ústavu. 
610 2 0 |a integrácia ekonomická medzinárodná 
610 2 0 |a spolupráca hospodárska medzinárodná 
610 2 0 |a menšiny národnostné 
610 2 0 |a jazyk štátny 
610 2 0 |a ústava 
610 2 0 |a Európska únia